| 000 | 01086cam a2200229 4500 | ||
|---|---|---|---|
| 001 | WB3815-12 | ||
| 008 | 020425n2002 000 0 eng u | ||
| 035 | _a(Sirsi) u117681 | ||
| 245 | _aSigns of recovery from manufacturing recession | ||
| 260 | _c2002 | ||
| 490 |
_aCBI News Release _v 23 April 2002 (3) |
||
| 520 | _aThe latest "Quarterly industrial trends survey" from the CBI reports manufacturers business confidence has risen for the first time in more than two years, showing the first signs of recovery from recession. Although the decline in orders, output and employment continued over the past four months. CBI believe the rise in optimism is driven by expected improvements in global trading conditions. http://www.cbi.org.uk/ndbs/press.nsf/0363c1f07c6ca12a8025671c00381cc7/a065e5ff63b218d480256b9e0036e02d?OpenDocument | ||
| 590 | _aWB | ||
| 650 | _aCBI | ||
| 650 | _aMANUFACTURING INDUSTRY | ||
| 650 | _aBUSINESS CONFIDENCE | ||
| 650 | _aRECESSION | ||
| 650 | _aECONOMIC RECOVERY | ||
| 650 | _aINDUSTRIAL TRENDS | ||
| 690 | _aECONOMIC ISSUES | ||
| 942 | _n0 | ||
| 999 |
_c70078 _d70078 |
||